| 000 | 00717cam a2200217 4500 | ||
|---|---|---|---|
| 001 | 3792 | ||
| 010 | _a 2007002623 | ||
| 020 | _a9780345452641 | ||
| 100 | 1 | _aKellerman, Jonathan. | |
| 245 | 1 | 0 |
_aObsession : _ban Alex Delaware novel / _cJonathan Kellerman. |
| 260 |
_aNew York : _bBallantine Books, _cc2007. |
||
| 300 |
_a458 p. ; _c18 cm. |
||
| 650 | 0 |
_aDelaware, Alex (Fictitious character) _vFiction. |
|
| 650 | 0 |
_aPolice _zCalifornia _zLos Angeles _vFiction. |
|
| 650 | 0 |
_aPsychologists _vFiction. |
|
| 650 | 0 |
_aSturgis, Milo (Fictitious character) _vFiction. |
|
| 650 | 0 |
_aYoung women _vFiction. |
|
| 651 | 0 |
_aLos Angeles (Calif.) _vFiction. |
|
| 655 | 0 | _aPsychological fiction. | |
| 655 | 7 |
_aMystery fiction. _2gsafd |
|
| 999 |
_c3103 _d3103 |
||